Countries Closest to Azerbaijan A-Z - Statistics

General Stats
  • This quiz has been taken 263 times
    248 since last reset
  • The average score is 21 of 26
Answer Stats
Letter Country % Correct
A Armenia
97%
T Turkey
95%
G Georgia
94%
R Russia
94%
I Iran
92%
Q Qatar
89%
K Kazakhstan
88%
O Oman
88%
Y Yemen
88%
U Uzbekistan
87%
J Jordan
85%
Z Zambia
85%
D Denmark
79%
F Finland
79%
H Hungary
79%
P Pakistan
79%
L Lebanon
78%
B Bulgaria
77%
S Syria
77%
C Cyprus
75%
V Vatican City
72%
E Egypt
71%
M Moldova
67%
N Nepal
58%
W -
43%
X -
43%
No matching quizzes found
Score Distribution
Percent of People with Each Score
Percentile by Number Answered
Your Score History
You have not taken this quiz since the last reset